|
|
|
|
| LEADER |
00000cam a2200000 a 4500 |
| 001 |
vtls010502912 |
| 003 |
SK-MaSNL |
| 005 |
20260301085918.0 |
| 008 |
240318s2012 pl f 000 0dslo |
| 015 |
|
|
|a SNBZSA2013-00982
|
| 020 |
|
|
|a 9788374905060
|q (viaz.)
|
| 035 |
|
|
|a 8290FD16-1986-4A4E-8710-C488135520AE
|
| 035 |
|
|
|a urn:nbn:sk:snk-amjn5j
|
| 035 |
|
|
|a urn:nbn:sk:snk-am001tb2
|
| 040 |
|
|
|a SNK
|b slo
|c SNK
|e AACR2
|
| 041 |
0 |
|
|a slo
|
| 043 |
|
|
|a e-xr---
|a e-xo---
|
| 044 |
|
|
|a pl
|c PL
|
| 072 |
|
7 |
|a 94(437)
|x Dejiny Česka a Slovenska
|2 konspekt
|
| 080 |
|
|
|a 94(437.3)
|2 2001
|
| 080 |
|
|
|a 94(437.32)
|2 2001
|
| 080 |
|
|
|a (048.8)
|2 2001
|
| 080 |
|
|
|a (=162.3)
|2 2001
|
| 080 |
|
|
|a 323.1:316.356.4
|2 2001
|
| 100 |
1 |
|
|a Steinhübel, Ján,
|d 1957-
|4 aut
|9 259905
|
| 245 |
1 |
0 |
|a Kapitoly z najstarších českých dejín
|b 531-1004
|c Ján Steinhübel
|
| 250 |
|
|
|a 2. vyd.
|
| 260 |
|
|
|a Kraków
|b Spolok Slovákov v Poľsku
|c 2012
|
| 300 |
|
|
|a 204 s.
|c 22 cm
|
| 500 |
|
|
|a "Publikácia vznikla v Historickom ústave SAV v rámci Centra excelentnosti "Staré Slovensko: dejiny Slovenska od praveku po vrcholný stredovek STASLO"
|
| 504 |
|
|
|a Bibliogr.: s. 165-204 ; bibliogr. odkazy
|
| 648 |
|
7 |
|a 531-1004
|2 SNKPH
|9 416820
|
| 650 |
0 |
7 |
|a Česi
|2 SNKPH
|9 24818
|
| 650 |
0 |
7 |
|a Czechs
|2 SNKPHeng
|9 303143
|
| 650 |
0 |
7 |
|a národy
|2 SNKPH
|9 4720
|
| 650 |
0 |
7 |
|a Nations
|2 SNKPHeng
|9 286524
|
| 651 |
|
7 |
|a Česko
|x dejiny
|2 SNKPH
|9 58420
|
| 651 |
|
7 |
|a Czechia
|x History
|2 SNKPHeng
|9 170109
|
| 651 |
|
7 |
|a Great Moravia
|2 SNKPHeng
|9 282673
|
| 651 |
|
7 |
|a Veľká Morava
|x dejiny
|2 SNKPH
|9 14337
|
| 655 |
|
7 |
|a štúdie
|2 SNKPH
|9 57033
|
| 655 |
|
7 |
|a Studies
|2 SNKPHeng
|9 265573
|
| 752 |
|
|
|a Poľsko
|d Krakov
|
| 852 |
|
|
|a Štátna vedecká knižnica v Banskej Bystrici
|
| 919 |
|
|
|a 978-83-7490-506-0
|
| 958 |
|
|
|a OND
|
| 958 |
|
|
|a ZS
|
| 958 |
|
|
|a NB
|
| 958 |
|
|
|a BX
|
| 958 |
|
|
|a SK
|
| 958 |
|
|
|a CZ
|
| 958 |
|
|
|a HU
|
| 999 |
|
|
|c 666921
|d 668851
|
| 952 |
|
|
|a SNK
|b SNK
|y VYP
|7 0
|p 17A1072365
|o snkSC 154753 D1
|i snk2013/13307
|8 2
|g 6.00
|0 0
|1 0
|4 0
|d 2013-06-10
|f 1
|l 0
|r 2026-02-23 19:13:48
|w 2026-02-23
|
| 952 |
|
|
|a SNK
|b SNK
|y PREZ
|7 0
|p 17A1071991
|o snkSC 154753
|i snk2013/12922
|8 2
|g 6.00
|0 0
|1 0
|4 0
|d 2013-06-05
|l 0
|r 2025-07-24 00:00:00
|w 2026-02-23
|